[Event "DEM U10 2025"]
[Site "Willingen GER"]
[Date "2025.06.08"]
[Round "1"]
[White "Liu, Peilin"]
[Black "Schmidt, Jan"]
[Result "0-1"]
[Termination "normal"]
[Board "7"]
[WhiteElo "1530"]
[BlackElo "1732"]
[WhiteClock "00:03:23"]
[BlackClock "00:13:07"]
[PlyCount "64"]
[WhiteFideId "8643792"]
[BlackFideId "34625682"]
[EventCountry "GER"]
[EventRounds "9"]
[EventType "swiss"]
[EventDate "2025.06.07"]

1. e4 {[%clk 01:30:59]} {[%emt 00:00:01]} c6 {[%clk 01:30:50]} {[%emt
00:00:11]} 2. d4 {[%clk 01:31:21]} {[%emt 00:00:08]} d5 {[%clk 01:31:07]}
{[%emt 00:00:12]} 3. exd5 {[%clk 01:31:21]} {[%emt 00:00:30]} cxd5 {[%clk
01:31:28]} {[%emt 00:00:09]} 4. Bd3 {[%clk 01:31:13]} {[%emt 00:00:38]} Nf6
{[%clk 01:31:34]} {[%emt 00:00:24]} 5. h3 {[%clk 01:31:05]} {[%emt 00:00:38]}
Nc6 {[%clk 01:31:25]} {[%emt 00:00:39]} 6. c3 {[%clk 01:30:50]} {[%emt
00:00:45]} e5 {[%clk 01:29:42]} {[%emt 00:02:13]} 7. dxe5 {[%clk 01:31:02]}
{[%emt 00:00:18]} Nxe5 {[%clk 01:30:05]} {[%emt 00:00:06]} 8. Nf3 {[%clk
01:30:32]} {[%emt 00:01:01]} Nxd3+ {[%clk 01:28:27]} {[%emt 00:02:08]} 9. Qxd3
{[%clk 01:30:10]} {[%emt 00:00:51]} Bd6 {[%clk 01:28:44]} {[%emt 00:00:14]} 10.
Bg5 {[%clk 01:28:39]} {[%emt 00:02:00]} O-O {[%clk 01:22:34]} {[%emt 00:06:40]}
11. O-O {[%clk 01:28:40]} {[%emt 00:00:29]} Bc7 {[%clk 01:18:00]} {[%emt
00:05:04]} 12. Nbd2 {[%clk 01:28:21]} {[%emt 00:00:49]} h6 {[%clk 01:17:10]}
{[%emt 00:01:20]} 13. Bxf6 {[%clk 01:27:45]} {[%emt 00:01:05]} Qxf6 {[%clk
01:17:17]} {[%emt 00:00:23]} 14. Qxd5 {[%clk 01:23:41]} {[%emt 00:04:34]} Rd8
{[%clk 01:12:45]} {[%emt 00:05:02]} 15. Qe4 {[%clk 01:21:57]} {[%emt 00:02:15]}
Be6 {[%clk 01:02:11]} {[%emt 00:11:03]} 16. Nd4 {[%clk 01:07:44]} {[%emt
00:14:41]} Bd5 {[%clk 00:51:22]} {[%emt 00:11:22]} 17. Qg4 {[%clk 01:03:23]}
{[%emt 00:04:50]} Qd6 {[%clk 00:39:49]} {[%emt 00:12:05]} 18. N2f3 {[%clk
00:59:58]} {[%emt 00:03:46]} a6 {[%clk 00:34:44]} {[%emt 00:05:44]} 19. Nf5
{[%clk 00:56:53]} {[%emt 00:03:32]} Qf6 {[%clk 00:34:25]} {[%emt 00:00:50]} 20.
Rfe1 {[%clk 00:54:52]} {[%emt 00:02:28]} Be6 {[%clk 00:34:03]} {[%emt
00:00:56]} 21. N3d4 {[%clk 00:35:20]} {[%emt 00:19:57]} Rxd4 {[%clk 00:29:16]}
{[%emt 00:05:22]} 22. Nxh6+ {[%clk 00:28:31]} {[%emt 00:07:19]} Qxh6 {[%clk
00:29:14]} {[%emt 00:00:32]} 23. Qxd4 {[%clk 00:28:36]} {[%emt 00:00:25]} Rd8
{[%clk 00:28:13]} {[%emt 00:01:23]} 24. Qe4 {[%clk 00:23:42]} {[%emt 00:05:32]}
Qg5 {[%clk 00:25:45]} {[%emt 00:02:59]} 25. Kh1 {[%clk 00:21:18]} {[%emt
00:02:53]} Bf5 {[%clk 00:22:28]} {[%emt 00:03:47]} 26. Qxb7 {[%clk 00:17:23]}
{[%emt 00:04:25]} Qf4 {[%clk 00:21:21]} {[%emt 00:01:38]} 27. g3 {[%clk
00:17:04]} {[%emt 00:00:49]} Qxf2 {[%clk 00:18:36]} {[%emt 00:03:15]} 28. Rg1
{[%clk 00:08:26]} {[%emt 00:08:59]} Bxg3 {[%clk 00:18:19]} {[%emt 00:00:56]}
29. Rg2 {[%clk 00:07:02]} {[%emt 00:01:36]} Qe3 {[%clk 00:18:17]} {[%emt
00:00:50]} 30. Rf1 {[%clk 00:06:16]} {[%emt 00:01:10]} Qe4 {[%clk 00:15:24]}
{[%emt 00:03:28]} 31. Qb3 {[%clk 00:04:47]} {[%emt 00:02:00]} Rd2 {[%clk
00:12:56]} {[%emt 00:02:58]} 32. Rfg1 {[%clk 00:03:23]} {[%emt 00:01:54]} Bxh3
{[%clk 00:13:07]} {[%emt 00:00:19]} 0-1

[Event "DEM U10 2025"]
[Site "Willingen GER"]
[Date "2025.06.08"]
[Round "1"]
[White "Wolf, Adam"]
[Black "Hornych, Fridtjof"]
[Result "1-0"]
[Termination "normal"]
[Board "8"]
[WhiteElo "1656"]
[BlackElo "1385"]
[WhiteClock "00:42:24"]
[BlackClock "00:34:30"]
[PlyCount "61"]
[WhiteFideId "34623426"]
[BlackFideId "533043507"]
[EventCountry "GER"]
[EventRounds "9"]
[EventType "swiss"]
[EventDate "2025.06.07"]

1. e4 {[%clk 01:30:57]} {[%emt 00:00:02]} c6 {[%clk 01:30:51]} {[%emt
00:00:08]} 2. d4 {[%clk 01:31:22]} {[%emt 00:00:05]} d5 {[%clk 01:31:03]}
{[%emt 00:00:19]} 3. e5 {[%clk 01:31:47]} {[%emt 00:00:05]} Bf5 {[%clk
01:31:25]} {[%emt 00:00:08]} 4. h4 {[%clk 01:32:11]} {[%emt 00:00:06]} h5
{[%clk 01:31:25]} {[%emt 00:00:30]} 5. Bd3 {[%clk 01:32:37]} {[%emt 00:00:05]}
Bxd3 {[%clk 01:31:03]} {[%emt 00:00:52]} 6. Qxd3 {[%clk 01:33:02]} {[%emt
00:00:05]} e6 {[%clk 01:31:14]} {[%emt 00:00:18]} 7. Bg5 {[%clk 01:32:58]}
{[%emt 00:00:34]} Be7 {[%clk 01:31:10]} {[%emt 00:00:34]} 8. Nf3 {[%clk
01:33:12]} {[%emt 00:00:16]} Nd7 {[%clk 01:30:59]} {[%emt 00:00:41]} 9. Nbd2
{[%clk 01:32:37]} {[%emt 00:01:05]} Qb6 {[%clk 01:29:29]} {[%emt 00:02:01]} 10.
O-O {[%clk 01:31:52]} {[%emt 00:01:15]} c5 {[%clk 01:28:54]} {[%emt 00:01:05]}
11. c3 {[%clk 01:27:54]} {[%emt 00:04:28]} c4 {[%clk 01:24:01]} {[%emt
00:05:23]} 12. Qc2 {[%clk 01:28:01]} {[%emt 00:00:22]} Rc8 {[%clk 01:23:28]}
{[%emt 00:01:04]} 13. Rab1 {[%clk 01:25:54]} {[%emt 00:02:37]} Qc6 {[%clk
01:20:08]} {[%emt 00:03:49]} 14. Rfc1 {[%clk 01:22:26]} {[%emt 00:03:58]} a5
{[%clk 01:18:12]} {[%emt 00:02:26]} 15. b3 {[%clk 01:18:42]} {[%emt 00:04:15]}
cxb3 {[%clk 01:16:28]} {[%emt 00:02:14]} 16. Nxb3 {[%clk 01:18:40]} {[%emt
00:00:32]} b6 {[%clk 01:13:15]} {[%emt 00:03:43]} 17. Qd3 {[%emt 00:08:35]} Ba3
{[%clk 01:10:02]} {[%emt 00:00:03]} 18. Rc2 {[%clk 01:10:55]} {[%emt 00:03:49]}
Ne7 {[%clk 01:07:21]} {[%emt 00:03:12]} 19. Bxe7 {[%clk 01:10:19]} {[%emt
00:01:06]} Kxe7 {[%clk 01:03:17]} {[%emt 00:04:34]} 20. Nbd2 {[%clk 01:05:33]}
{[%emt 00:05:17]} Ke8 {[%clk 00:56:16]} {[%emt 00:07:31]} 21. Ne1 {[%clk
01:03:01]} {[%emt 00:03:00]} Be7 {[%clk 00:51:03]} {[%emt 00:05:44]} 22. c4
{[%clk 01:01:37]} {[%emt 00:01:54]} dxc4 {[%clk 00:47:08]} {[%emt 00:04:25]}
23. Rxc4 {[%clk 01:00:38]} {[%emt 00:01:29]} Qb7 {[%clk 00:47:15]} {[%emt
00:00:23]} 24. Rxc8+ {[%clk 01:00:04]} {[%emt 00:01:03]} Qxc8 {[%clk 00:47:13]}
{[%emt 00:00:32]} 25. Ne4 {[%clk 00:56:35]} {[%emt 00:03:58]} Qc6 {[%clk
00:45:49]} {[%emt 00:01:52]} 26. Qf3 {[%clk 00:54:51]} {[%emt 00:02:10]} Qc4
{[%clk 00:42:28]} {[%emt 00:03:55]} 27. Qf4 {[%clk 00:48:44]} {[%emt 00:06:40]}
Qc7 {[%clk 00:40:43]} {[%emt 00:02:12]} 28. Nd3 {[%clk 00:41:40]} {[%emt
00:07:36]} Qc2 {[%clk 00:34:01]} {[%emt 00:07:13]} 29. Rc1 {[%clk 00:41:37]}
{[%emt 00:00:34]} Qxd3 {[%clk 00:34:07]} {[%emt 00:00:23]} 30. Rc8+ {[%clk
00:41:59]} {[%emt 00:00:08]} Bd8 {[%clk 00:34:30]} {[%emt 00:00:07]} 31. Nd6+
{[%clk 00:42:24]} {[%emt 00:00:05]} 1-0

[Event "DEM U10 2025"]
[Site "Willingen GER"]
[Date "2025.06.08"]
[Round "1"]
[White "Tomovski, Leon"]
[Black "Busch, Jonathan Luis"]
[Result "0-1"]
[Termination "normal"]
[Board "9"]
[WhiteElo "1540"]
[BlackElo "1723"]
[WhiteClock "01:16:42"]
[BlackClock "00:07:54"]
[PlyCount "158"]
[WhiteFideId "34691790"]
[BlackFideId "34664874"]
[EventCountry "GER"]
[EventRounds "9"]
[EventType "swiss"]
[EventDate "2025.06.07"]

1. e4 {[%clk 01:30:58]} {[%emt 00:00:01]} e5 {[%clk 01:30:53]} {[%emt
00:00:08]} 2. Nf3 {[%clk 01:31:23]} {[%emt 00:00:03]} Nc6 {[%clk 01:31:16]} 3.
Bc4 {[%clk 01:31:46]} {[%emt 00:00:16]} Bc5 {[%clk 01:31:41]} 4. c3 {[%clk
01:31:58]} {[%emt 00:00:23]} Nf6 {[%clk 01:32:02]} 5. d4 {[%clk 01:32:23]}
{[%emt 00:00:13]} exd4 {[%clk 01:32:22]} 6. e5 {[%clk 01:32:47]} {[%emt
00:00:16]} d5 {[%clk 01:32:45]} 7. Bb5 {[%clk 01:33:11]} {[%emt 00:00:13]} Ne4
{[%clk 01:32:57]} 8. cxd4 {[%clk 01:33:33]} {[%emt 00:00:26]} Bb6 {[%clk
01:33:05]} 9. Be3 {[%clk 01:33:54]} {[%emt 00:00:31]} O-O {[%clk 01:32:52]} 10.
Nc3 {[%clk 01:32:44]} {[%emt 00:02:23]} f6 {[%clk 01:24:46]} 11. Qc2 {[%clk
01:28:16]} {[%emt 00:13:34]} fxe5 {[%clk 01:17:43]} 12. Bxc6 {[%clk 01:28:16]}
bxc6 {[%clk 01:17:43]} 13. Nxe5 {[%clk 01:26:48]} {[%emt 00:19:37]} Bf5 {[%clk
00:56:42]} 14. g4 {[%clk 01:25:08]} {[%emt 00:14:36]} Nxc3 {[%clk 00:50:21]}
15. gxf5 {[%clk 01:24:27]} {[%emt 00:08:03]} Ne4 {[%clk 00:50:01]} 16. O-O-O
{[%clk 01:23:07]} {[%emt 00:02:38]} Rxf5 {[%clk 00:49:15]} 17. Rdg1 {[%clk
01:22:03]} {[%emt 00:02:51]} Kh8 {[%clk 00:43:24]} 18. f3 {[%clk 01:17:10]}
{[%emt 00:11:44]} Nd6 {[%clk 00:41:56]} 19. Qg2 {[%clk 01:11:46]} {[%emt
00:07:52]} Qg8 {[%clk 00:40:00]} 20. Nxc6 {[%clk 01:11:46]} Re8 {[%clk
00:34:13]} {[%emt 00:10:59]} 21. Bg5 {[%clk 01:09:17]} Qf8 {[%clk 00:30:45]}
{[%emt 00:05:12]} 22. Be7 {[%clk 01:07:53]} Rxe7 {[%clk 00:30:59]} {[%emt
00:02:09]} 23. Nxe7 {[%clk 01:08:15]} {[%emt 00:00:07]} Qxe7 {[%clk 00:31:24]}
{[%emt 00:00:06]} 24. Re1 {[%clk 01:08:31]} {[%emt 00:00:14]} Qg5+ {[%clk
00:31:08]} {[%emt 00:00:45]} 25. Qxg5 {[%clk 01:08:44]} {[%emt 00:00:18]} Rxg5
{[%clk 00:31:29]} {[%emt 00:00:09]} 26. Re7 {[%clk 01:08:42]} {[%emt 00:00:32]}
h6 {[%clk 00:31:24]} {[%emt 00:00:35]} 27. Rd1 {[%clk 01:07:31]} {[%emt
00:01:41]} Rg2 {[%clk 00:31:34]} {[%emt 00:00:20]} 28. Rd2 {[%clk 01:07:52]}
{[%emt 00:00:09]} Rg1+ {[%clk 00:30:39]} {[%emt 00:01:25]} 29. Rd1 {[%clk
01:07:59]} {[%emt 00:00:23]} Rxd1+ {[%clk 00:28:44]} {[%emt 00:02:25]} 30. Kxd1
{[%clk 01:08:23]} {[%emt 00:00:06]} Nf5 {[%clk 00:28:53]} {[%emt 00:00:21]} 31.
Re5 {[%clk 01:07:51]} {[%emt 00:01:02]} Nxd4 {[%clk 00:27:03]} {[%emt
00:02:20]} 32. Rxd5 {[%clk 01:08:11]} {[%emt 00:00:10]} Nxf3 {[%clk 00:27:24]}
{[%emt 00:00:09]} 33. h3 {[%clk 01:08:23]} {[%emt 00:00:18]} Kh7 {[%clk
00:25:41]} {[%emt 00:02:13]} 34. a4 {[%clk 01:08:44]} {[%emt 00:00:09]} a5
{[%clk 00:25:44]} {[%emt 00:00:28]} 35. Kc2 {[%clk 01:08:25]} {[%emt 00:00:48]}
Nd4+ {[%clk 00:25:58]} {[%emt 00:00:16]} 36. Kc3 {[%clk 01:08:30]} {[%emt
00:00:26]} Ne2+ {[%clk 00:26:05]} {[%emt 00:00:23]} 37. Kc4 {[%clk 01:08:38]}
{[%emt 00:00:21]} Nf4 {[%clk 00:26:28]} {[%emt 00:00:07]} 38. Rd7 {[%clk
01:08:50]} {[%emt 00:00:19]} Nxh3 {[%clk 00:26:22]} {[%emt 00:00:35]} 39. b4
{[%clk 01:09:15]} {[%emt 00:00:06]} Nf4 {[%clk 00:25:24]} {[%emt 00:01:27]} 40.
bxa5 {[%clk 01:09:25]} {[%emt 00:00:20]} Bxa5 {[%clk 00:24:38]} {[%emt
00:01:16]} 41. Kb5 {[%clk 01:09:31]} {[%emt 00:00:24]} Be1 {[%clk 00:21:25]}
{[%emt 00:03:43]} 42. Rxc7 {[%clk 01:09:50]} {[%emt 00:00:12]} Nd5 {[%clk
00:20:16]} {[%emt 00:01:38]} 43. Rc1 {[%clk 01:10:02]} {[%emt 00:00:18]} Bd2
{[%clk 00:20:11]} {[%emt 00:00:35]} 44. Rc2 {[%clk 01:09:47]} {[%emt 00:00:46]}
Be3 {[%clk 00:19:13]} {[%emt 00:01:28]} 45. a5 {[%clk 01:09:35]} {[%emt
00:00:43]} h5 {[%clk 00:18:52]} {[%emt 00:00:51]} 46. a6 {[%clk 01:08:34]}
{[%emt 00:01:31]} h4 {[%clk 00:18:08]} {[%emt 00:01:13]} 47. Rh2 {[%clk
01:08:54]} {[%emt 00:00:11]} g5 {[%clk 00:17:43]} {[%emt 00:00:55]} 48. Rh3
{[%clk 01:09:15]} {[%emt 00:00:09]} Bf2 {[%clk 00:13:01]} {[%emt 00:05:12]} 49.
Rh2 {[%clk 01:08:58]} {[%emt 00:00:46]} Nc7+ {[%clk 00:10:10]} {[%emt
00:03:22]} 50. Kc6 {[%clk 01:09:19]} Bg3 {[%clk 00:10:31]} {[%emt 00:00:18]}
51. Ra2 {[%clk 01:08:42]} Nxa6 {[%clk 00:02:26]} {[%emt 00:09:42]} 52. Rxa6
{[%clk 01:09:06]} h3 {[%clk 00:02:48]} {[%emt 00:00:14]} 53. Ra7+ {[%clk
01:09:28]} Kg6 {[%clk 00:03:07]} {[%emt 00:00:20]} 54. Kd5 {[%clk 01:09:48]}
{[%emt 00:00:09]} h2 {[%clk 00:03:23]} {[%emt 00:00:14]} 55. Ra1 {[%clk
01:10:12]} {[%emt 00:00:07]} Kf5 {[%clk 00:03:42]} {[%emt 00:00:11]} 56. Rh1
{[%clk 01:10:10]} {[%emt 00:00:31]} Kf4 {[%clk 00:03:12]} {[%emt 00:01:01]} 57.
Ke6 {[%clk 01:10:23]} {[%emt 00:00:17]} Kg4 {[%clk 00:02:58]} {[%emt 00:00:45]}
58. Kf6 {[%clk 01:10:38]} {[%emt 00:00:14]} Kh4 {[%clk 00:02:43]} {[%emt
00:00:45]} 59. Kf5 {[%clk 01:10:31]} {[%emt 00:00:38]} g4 {[%clk 00:02:47]}
{[%emt 00:00:26]} 60. Kg6 {[%clk 01:10:27]} {[%emt 00:00:33]} Bd6 {[%clk
00:01:51]} {[%emt 00:01:25]} 61. Kf5 {[%clk 01:10:27]} {[%emt 00:00:31]} g3
{[%clk 00:02:05]} {[%emt 00:00:16]} 62. Rd1 {[%clk 01:10:53]} {[%emt 00:00:04]}
g2 {[%clk 00:01:41]} {[%emt 00:00:54]} 63. Rxd6 {[%clk 01:10:44]} {[%emt
00:00:40]} g1=Q {[%clk 00:01:58]} {[%emt 00:00:12]} 64. Rh6+ {[%clk 01:10:47]}
{[%emt 00:00:26]} Kg3 {[%clk 00:02:20]} {[%emt 00:00:09]} 65. Rg6+ {[%clk
01:11:12]} {[%emt 00:00:05]} Kf2 {[%clk 00:02:41]} {[%emt 00:00:08]} 66. Rxg1
{[%clk 01:11:34]} {[%emt 00:00:08]} hxg1=Q {[%clk 00:02:58]} {[%emt 00:00:14]}
67. Ke4 {[%clk 01:11:57]} {[%emt 00:00:07]} Qg3 {[%clk 00:03:15]} {[%emt
00:00:13]} 68. Kd5 {[%clk 01:12:18]} {[%emt 00:00:09]} Qf4 {[%clk 00:03:34]}
{[%emt 00:00:11]} 69. Kc5 {[%clk 01:12:37]} {[%emt 00:00:11]} Qe4 {[%clk
00:03:57]} {[%emt 00:00:07]} 70. Kd6 {[%clk 01:13:00]} {[%emt 00:00:07]} Qf5
{[%clk 00:04:19]} {[%emt 00:00:08]} 71. Kd7 {[%clk 01:13:40]} {[%emt 00:00:27]}
Qf6 {[%clk 00:05:03]} {[%emt 00:00:09]} 72. Kc7 {[%clk 01:13:59]} {[%emt
00:00:10]} Qe6 {[%clk 00:05:28]} {[%emt 00:00:06]} 73. Kb7 {[%clk 01:14:24]}
{[%emt 00:00:05]} Qd6 {[%clk 00:05:42]} {[%emt 00:00:16]} 74. Ka8 {[%clk
01:14:47]} {[%emt 00:00:07]} Qd7 {[%clk 00:05:59]} {[%emt 00:00:13]} 75. Kb8
{[%clk 01:15:12]} {[%emt 00:00:06]} Ke3 {[%clk 00:06:23]} {[%emt 00:00:05]} 76.
Ka8 {[%clk 01:15:40]} {[%emt 00:00:02]} Kd4 {[%clk 00:06:45]} {[%emt 00:00:08]}
77. Kb8 {[%clk 01:15:53]} {[%emt 00:00:16]} Kc5 {[%clk 00:07:08]} {[%emt
00:00:08]} 78. Ka8 {[%clk 01:16:16]} {[%emt 00:00:07]} Kb6 {[%clk 00:07:31]}
{[%emt 00:00:07]} 79. Kb8 {[%clk 01:16:42]} {[%emt 00:00:03]} Qd8# {[%clk
00:07:54]} {[%emt 00:00:08]} 0-1

[Event "DEM U10 2025"]
[Site "Willingen GER"]
[Date "2025.06.08"]
[Round "1"]
[White "Grimm, Jakob"]
[Black "Schröder, Liam"]
[Result "1-0"]
[Termination "normal"]
[Board "10"]
[WhiteElo "1698"]
[BlackElo "1537"]
[WhiteClock "00:27:03"]
[BlackClock "00:49:47"]
[PlyCount "85"]
[WhiteFideId "34635645"]
[BlackFideId "34651020"]
[EventCountry "GER"]
[EventRounds "9"]
[EventType "swiss"]
[EventDate "2025.06.07"]

1. e4 {[%clk 01:30:57]} {[%emt 00:00:01]} d5 {[%clk 01:30:51]} {[%emt
00:00:10]} 2. exd5 {[%clk 01:31:22]} {[%emt 00:00:06]} Qxd5 {[%clk 01:31:16]}
{[%emt 00:00:05]} 3. Nc3 {[%clk 01:31:48]} {[%emt 00:00:04]} Qd8 {[%clk
01:31:35]} {[%emt 00:00:10]} 4. d4 {[%clk 01:32:12]} {[%emt 00:00:06]} c6
{[%clk 01:31:49]} {[%emt 00:00:16]} 5. Nf3 {[%clk 01:32:36]} {[%emt 00:00:06]}
Nf6 {[%clk 01:32:08]} {[%emt 00:00:10]} 6. Bc4 {[%clk 01:32:55]} {[%emt
00:00:11]} Bf5 {[%clk 01:31:20]} {[%emt 00:01:17]} 7. O-O {[%clk 01:33:18]}
{[%emt 00:00:09]} e6 {[%clk 01:31:26]} {[%emt 00:00:23]} 8. Bg5 {[%clk
01:33:31]} {[%emt 00:00:18]} Be7 {[%clk 01:31:36]} {[%emt 00:00:19]} 9. Re1
{[%clk 01:33:53]} {[%emt 00:00:07]} O-O {[%clk 01:31:53]} {[%emt 00:00:15]} 10.
Qe2 {[%clk 01:33:03]} {[%emt 00:01:18]} Nbd7 {[%clk 01:31:29]} {[%emt
00:00:55]} 11. Rad1 {[%clk 01:32:50]} {[%emt 00:00:41]} Qc7 {[%clk 01:28:31]}
{[%emt 00:03:30]} 12. Nh4 {[%clk 01:31:11]} {[%emt 00:02:09]} Bg4 {[%clk
01:28:18]} {[%emt 00:00:41]} 13. f3 {[%clk 01:31:22]} {[%emt 00:00:21]} Bh5
{[%clk 01:28:24]} {[%emt 00:00:23]} 14. g4 {[%clk 01:29:56]} {[%emt 00:01:58]}
Bg6 {[%clk 01:28:39]} {[%emt 00:00:14]} 15. Nxg6 {[%clk 01:30:16]} {[%emt
00:00:10]} hxg6 {[%clk 01:28:29]} {[%emt 00:00:37]} 16. d5 {[%clk 01:11:58]}
{[%emt 00:18:52]} Bc5+ {[%clk 01:27:58]} {[%emt 00:00:56]} 17. Kg2 {[%clk
01:09:14]} {[%emt 00:03:16]} cxd5 {[%clk 01:27:46]} {[%emt 00:00:44]} 18. Bd3
{[%clk 01:08:12]} {[%emt 00:01:32]} Rfe8 {[%clk 01:26:47]} {[%emt 00:01:25]}
19. Nb5 {[%clk 01:08:17]} {[%emt 00:00:29]} Qc6 {[%clk 01:26:19]} {[%emt
00:00:54]} 20. c3 {[%clk 01:02:10]} {[%emt 00:06:41]} Qb6 {[%clk 01:23:51]}
{[%emt 00:02:55]} 21. b4 {[%clk 01:02:01]} {[%emt 00:00:42]} Bd6 {[%clk
01:22:51]} {[%emt 00:01:26]} 22. Rc1 {[%clk 00:56:37]} {[%emt 00:05:58]} a6
{[%clk 01:22:13]} {[%emt 00:01:05]} 23. Be3 {[%clk 00:52:01]} {[%emt 00:05:09]}
Qc6 {[%clk 01:19:58]} {[%emt 00:02:44]} 24. c4 {[%clk 00:49:48]} {[%emt
00:02:45]} Bxb4 {[%clk 01:18:41]} {[%emt 00:01:47]} 25. cxd5 {[%clk 00:48:35]}
{[%emt 00:01:44]} Qxd5 {[%clk 01:15:40]} {[%emt 00:03:29]} 26. Nc7 {[%clk
00:48:42]} {[%emt 00:00:24]} Qa5 {[%clk 01:12:36]} {[%emt 00:03:18]} 27. Red1
{[%clk 00:48:02]} {[%emt 00:01:25]} Ba3 {[%clk 01:10:58]} {[%emt 00:02:06]} 28.
Rc2 {[%clk 00:47:01]} {[%emt 00:01:34]} Nd5 {[%clk 01:09:06]} {[%emt 00:02:18]}
29. Nxa8 {[%clk 00:45:48]} {[%emt 00:01:47]} Rxa8 {[%clk 01:04:06]} {[%emt
00:05:29]} 30. Be4 {[%clk 00:45:39]} {[%emt 00:00:38]} N7f6 {[%clk 01:03:19]}
{[%emt 00:01:18]} 31. g5 {[%clk 00:38:39]} {[%emt 00:07:31]} Bc5 {[%clk
01:01:48]} {[%emt 00:01:56]} 32. Bxd5 {[%clk 00:35:09]} {[%emt 00:04:04]} Nxd5
{[%clk 00:55:44]} {[%emt 00:06:33]} 33. Rxd5 {[%clk 00:33:24]} {[%emt
00:02:16]} exd5 {[%clk 00:55:42]} {[%emt 00:00:33]} 34. Rxc5 {[%clk 00:33:51]}
{[%emt 00:00:03]} Qd8 {[%clk 00:55:53]} {[%emt 00:00:17]} 35. Qd2 {[%clk
00:33:52]} {[%emt 00:00:30]} Qe7 {[%clk 00:54:20]} {[%emt 00:01:58]} 36. Rxd5
{[%clk 00:33:49]} {[%emt 00:00:39]} Re8 {[%clk 00:54:32]} {[%emt 00:00:17]} 37.
Kf2 {[%clk 00:33:28]} {[%emt 00:00:51]} Qc7 {[%clk 00:54:42]} {[%emt 00:00:18]}
38. f4 {[%clk 00:33:11]} {[%emt 00:00:47]} Re4 {[%clk 00:51:15]} {[%emt
00:03:54]} 39. Rd8+ {[%clk 00:32:27]} {[%emt 00:01:19]} Kh7 {[%clk 00:51:32]}
{[%emt 00:00:13]} 40. Qd3 {[%clk 00:30:15]} {[%emt 00:02:42]} Rc4 {[%clk
00:51:26]} {[%emt 00:00:34]} 41. Bd2 {[%clk 00:29:54]} {[%emt 00:00:53]} Qb6+
{[%clk 00:50:38]} {[%emt 00:01:17]} 42. Kf1 {[%clk 00:29:05]} {[%emt 00:01:18]}
Qc6 {[%clk 00:49:47]} {[%emt 00:01:22]} 43. Qh3# {[%clk 00:27:03]} {[%emt
00:02:34]} 1-0